Musicians A-Z - Statistics

General Stats
  • This quiz has been taken 136 times
  • The average score is 11 of 26
Answer Stats
Hint Answer % Correct
O: This metal singer accidentally bit the head off of a live bat Ozzy Osbourne
73%
B: Irish singer known for his sunglasses Bono
68%
A: She must have called a thousand times Adele
67%
M: He held the record for the best selling album of all-time Michael Jackson
66%
Y: Many blame her for breaking up the most successful band in history Yoko Ono
60%
G: Now he's just somebody that you used to know Gotye
58%
E: The best selling musician in the 2000s Eminem
57%
N: The highest selling female rapper of all-time Nicki Minaj
57%
U: He had the best selling album of 2004 Usher
51%
C: She was the first musician to use autotune Cher
48%
F: Famous for her pop songs, and her terrible American National Anthem Fergie
42%
H: Her most famous song is actually a cover of Dolly Parton Whitney Houston
42%
K: She became the first artist with multiple videos to reach one billion views on Vevo Katy Perry
41%
W: This parody/polka musician has maintained his fame since the 80s Weird Al Yankovic
41%
V: This rapper was accused of ripping off a song by Queen & David Bowie Vanilla Ice
38%
P: She wants you to hit her with your best shot Pat Benatar
37%
T: The artist with the most AMAs of all-time Taylor Swift
33%
I: The voice of Elsa in Disney's Frozen Idina Menzel
32%
Z: This comedy rocker gave his children notoriously weird names Frank Zappa
31%
X: This rapper released 2 hit albums before being murdered at the age of 20 XXXTentacion
29%
R: He sang the Ghostbusters theme song Ray Parker Jr.
28%
L: She performed a legendary half-time show at Super Bowl LI Lady Gaga
27%
S: He can't drive fifty-five Sammy Hagar
16%
J: This rapper went platinum with no features J. Cole
15%
D: This rapper would bark like a dog DMX
13%
Q: She sang a song featured in The Silence of the Lambs, but dropped out of the public eye Q Lazzarus
3%
No matching quizzes found
Score Distribution
Percent of People with Each Score
Percentile by Number Answered
Your Score History
You have not taken this quiz